[Event "NRW Class2 0910"]
[Site "Germany"]
[Date "2009.12.20"]
[Round "4.8"]
[White "Loecke, Tobias"]
[Black "Weber, Rolf"]
[Result "0-1"]
[WhiteElo "1216"]
[BlackElo "2046"]
[PlyCount "78"]
[EventDate "2009.09.20"]
[EventType "team-tourn"]
[EventRounds "9"]
[EventCountry "GER"]
[SourceTitle "EXT 2011"]
[Source "ChessBase"]
[SourceDate "2010.11.26"]
[SourceVersion "1"]
[SourceVersionDate "2010.11.26"]
[SourceQuality "1"]
[WhiteTeam "Emsdetten Turm II"]
[BlackTeam "Hagen"]
[WhiteTeamCountry "GER"]
[BlackTeamCountry "GER"]

1. e4 e6 2. d4 d5 3. exd5 exd5 4. Bd3 Bd6 5. Nf3 Nf6 6. 0-0 0-0 7. Bg5 h6 8. Bh4 Bg4 9. Nbd2 Nbd7 10. c3 c6 11. Qc2 Qc7 12. Bg3 Nh5 13. Bxd6 Qxd6 14. h3 Be6 15. Nh4 Qf4 16. Nf5 Qg5 17. Nf3 Qf6 18. Rae1 Nf4 19. Ng3 Nxh3+ 20. Kh2 Nf4 21. Kg1 Bg4 22. Nh2 Be6 23. Bf5 g6 24. Bxe6 fxe6 25. Ng4 Qg5 26. Ne5 Nxe5 27. Rxe5 Rf5 28. Rxf5 gxf5 29. Qd1 Kf7 30. Qf3 Rg8 31. Re1 h5 32. Re3 h4 33. Kf1 hxg3 34. fxg3 Nh5 35. Kf2 Nf6 36. Kg1 Ne4 37. Kh2 Rh8+ 38. Kg1 Qh6 39. Kf1 Nd2+ 0-1